Xã hội học đô thị
Zapisane w:
| 1. autor: | |
|---|---|
| Format: | Książka |
| Wydane: |
Xây dựng
2001
|
| Etykiety: |
Dodaj etykietę
Nie ma etykietki, Dołącz pierwszą etykiete!
|
| Thư viện lưu trữ: | Mạng thư viện Đại học Đà Nẵng |
|---|
| LEADER | 00564nam a2200229 a 4500 | ||
|---|---|---|---|
| 001 | 000029145 | ||
| 003 | 12296 | ||
| 005 | 20171030145630.0 | ||
| 008 | 171030s2001 | ||
| 020 | |c 16000 | ||
| 040 | |a LTT | ||
| 082 | 0 | |a 307.76 |b ĐÔ-H | |
| 100 | 1 | |a Đỗ Hậu | |
| 245 | 0 | 0 | |a Xã hội học đô thị |c Đỗ Hậu (Chủ biên), Phạm Kim Giao. |
| 260 | |b Xây dựng |c 2001 | ||
| OWN | |a LTT | ||
| 999 | |a From the UDN01 | ||
| TYP | |a Monograph | ||
| TYP | |a Printed language | ||
| 980 | |a Mạng thư viện Đại học Đà Nẵng | ||